| 000 | 00464nam a2200181Ia 4500 | ||
|---|---|---|---|
| 005 | 20240823055432.0 | ||
| 008 | 240823s9999||||xx |||||||||||||| ||und|| | ||
| 041 | _aENGLISH | ||
| 082 | _A621.3845 Q7 | ||
| 100 | _aAkash Bhardwaj | ||
| 245 | 0 | _aMobile Communication Design Fundamentals | |
| 250 | _a1st | ||
| 260 |
_c2017 _bVenus Books Publishers & Distrib |
||
| 500 | _aYES | ||
| 650 |
_aMobile communications _bElectronics |
||
| 942 | _cBK | ||
| 999 |
_c228776 _d228776 |
||